000 01093nam a22003137a 4500
001 000336
003 DO-SdBPM
005 20250822101639.0
007 ta
008 160629b2002 mx || |||| 00| 0 spa d
020 _a9681911016
040 _aDO-SdBPM
_bspa
_cBPMSU
_erda
082 4 _a158.24
_bC284a 2002
_222
100 1 _aCalson, Richard
_eautor
245 1 0 _aAbuelos, no se ahoguen en un vaso de agua :
_bcómo acercarse a sus nietos y establecer una relación armoniosa /
_cDon't Sweat Press ; selección y prólogo de Richard Carlson ; traducción, Martha Mauri.
264 _aMéxico, D.F. :
_bAlamah,
_c2002.
300 _a154 páginas ;
_c19 cm.
336 _atexto
_btxt
_2rdacontent
337 _asin mediación
_bn
_2rdamedia
338 _avolumen
_bnc
_2rdacarrier
490 0 _aAlamah autoayuda.
590 _aInventariado, 2025/VM
650 7 _aSatisfacción familiar
650 7 _aCalidad de vida familiar
650 7 _aRelaciones familiares
700 1 _aMauri, Martha,
_etraductora
910 _aLOPEREZ/VMateo V. Control de calida. BPMSU
942 _2ddc
_cBK
999 _c10625
_d10625